Vlastnícky vzťah k bývaniu v krajinách EÚ

Definovanie sociálneho bývania v krajinách Európskej únie. Sociálne bývanie v krajinách EÚ na základe údajov EU SILC. Rozdelenie obyvateľov podľa vlastníckeho vzťahu k obydliu. Zmeny v štruktúre obyvateľstva podľa vlastníckeho vzťahu k obydliu v rokoch 2007-2016. Koeficient podobnosti v roku 2016...

Ausführliche Beschreibung

Gespeichert in:
Bibliographische Detailangaben
1. Verfasser: Sipková, Ľubica, 1962-
Weitere Verfasser: Labudová, Viera, 1958-
Format: Buchkapitel
Sprache:Slowakisch
Schlagworte:
Tags: Tag hinzufügen
Keine Tags, Fügen Sie das erste Tag hinzu!

MARC

LEADER 00000naa$a2200000$$$4500
001 0249109
005 20240502074001.8
041 0 |a slo 
044 |a SK 
245 1 0 |a Vlastnícky vzťah k bývaniu v krajinách EÚ  |c Ľubica Sipková, Viera Labudová 
520 |a Definovanie sociálneho bývania v krajinách Európskej únie. Sociálne bývanie v krajinách EÚ na základe údajov EU SILC. Rozdelenie obyvateľov podľa vlastníckeho vzťahu k obydliu. Zmeny v štruktúre obyvateľstva podľa vlastníckeho vzťahu k obydliu v rokoch 2007-2016. Koeficient podobnosti v roku 2016 (krajiny s najvyšším podielom sociálneho bývania). Koeficient podobnosti v roku 2016 (krajiny s najnižším podielom sociálneho bývania). 
610 2 0 |a bývanie 
610 2 0 |a byty 
610 2 0 |a byty sociálne 
610 2 0 |a byty súkromné 
610 2 0 |a vlastníci 
610 2 0 |a porovnanie medzinárodné 
610 2 0 |a štatistika 
610 2 0 |a zisťovanie štatistické 
610 2 0 |a Európska únia 
100 1 |a Sipková, Ľubica, 1962- 
700 1 |a Labudová, Viera, 1958-